| 000 | 01057cam a22003257a 4500 | ||
|---|---|---|---|
| 003 | CHAP | ||
| 005 | 20220329133753.0 | ||
| 008 | 971013c19581932 r 00010 d | ||
| 010 | _a10638 | ||
| 011 | _a11610 | ||
| 035 | _a10849 | ||
| 040 | _cCHAP | ||
| 082 |
_a549 _bD33 1932 |
||
| 100 | 0 | 0 |
_aDana, Edward Salisbury. _931013 |
| 245 | 1 | 2 | _aA textbook of mineralogy; with an extended treatise on orystallography and physical mineralogy |
| 250 | _a4 ed | ||
| 260 |
_aNew York : _bWiley, _c1958 (c.1932) |
||
| 300 |
_a851 p. _b: ilus |
||
| 590 |
_aBATCH-UPD _b10 _c20130110 _lUCH01 _h2123 |
||
| 590 |
_aBATCH-UPD _b10 _c20130410 _lUCH01 _h1433 |
||
| 590 |
_aBATCH-UPD _b10 _c20130914 _lUCH01 _h1058 |
||
| 590 |
_aCONVERSION _b10 _c20130109 _lUCH01 _h1307 |
||
| 650 | 1 | 4 |
_aCristalografĂa. _928986 |
| 650 | 1 | 4 |
_aMineralogĂa. _975940 |
| 700 | 0 |
_aFord, William E. _eed _942301 |
|
| 901 | _aBK | ||
| 942 | _cLIBRO | ||
| 949 |
_a549 D33 1932 _bBC _cLIBRO _d33724000447157 _eLIBRO _i10849 _si |
||
| 949 |
_a549 D33 1932 _bBC _cLIBRO _d33724000447355 _eLIBRO _fc.2 _i10849 _si |
||
| 999 |
_c10638 _d10638 |
||